| 000 | 00000nam##2200000za#4500 |
| 001 | 9.615137 |
| 003 | CaOODSP |
| 005 | 20200401020505 |
| 007 | ta |
| 008 | 150406|2000||||xxc||||| f|0| 0 eng|d |
| 020 | |a0-662-28766-5 |
| 040 | |aCaOODSP|beng |
| 043 | |an-cn--- |
| 086 | 1 |aFA1-2000/1E |
| 110 | 1 |aCanada. |bOffice of the Auditor General. |
| 245 | 10|aVolume 1, April 2000 |
| 260 | |aOttawa - Ontario : |bOffice of the Auditor General of Canada |c2000. |
| 300 | |a9 volumes, in a case set. : |bfigs., graphs, tables ; |c29 cm. |
| 490 | 1 |aReport of the Auditor General of Canada to the House of Commons, 2000 |
| 500 | |aContents: Foreword and Main points.--Chapter 1: Service quality.--Chapter 2: Human resources development Canada - Service quality at the local level.--Chapter 3: Citizenship and Immigration Canada - The Economic component of the Canadian Immigration Program.--Chapter 4: Indian and Northern Affairs Canada - Elementary and secondary education.--Chapter 5: Canada Customs and Revenue Agency - Travellers to Canada: managing the risks at ports of entry.--Chapter 6: Canada Customs and Revenue Agency and Department of Finance - Handling tax credit claims for scientific research and experimental development.--Chapter 7: Royal Canadian Mounted Police - Services for Canada's law enforcement community.--Chapter 8: Department of Finance - Managing Canada's debt: facing new challenges.--Chapter 9: Streamlining the human resource management regime: a study of changing roles and responsibilities. |
| 563 | |aSoftcover |
| 590 | |a00-23|b2000-06-09 |
| 690 | 07|aPublic accounts|2gcpds |
| 775 | 08|tVolume 1, avril 2000 |w(CaOODSP)9.625283 |
| 776 | 0#|tReport of the Auditor General of Canada. Chapter 1, : |w(CaOODSP)9.572387 |
| 776 | 0#|tReport of the Auditor General of Canada. Chapter 2, : |w(CaOODSP)9.572388 |
| 776 | 0#|tReport of the Auditor General of Canada. Chapter 3, : |w(CaOODSP)9.572389 |
| 776 | 0#|tReport of the Auditor General of Canada. Chapter 5, : |w(CaOODSP)9.572391 |
| 776 | 0#|tReport of the Auditor General of Canada. Chapter 6, : |w(CaOODSP)9.572392 |
| 776 | 0#|tReport of the Auditor General of Canada. Chapter 7, : |w(CaOODSP)9.572394 |
| 776 | 0#|tReport of the Auditor General of Canada. Chapter 8, : |w(CaOODSP)9.572395 |
| 776 | 0#|tReport of the Auditor General of Canada. Chapter 9, : |w(CaOODSP)9.572396 |
| 776 | 0#|tReport of the Auditor General of Canada. Chapter 4, : |w(CaOODSP)9.572390 |
| 830 | #0|aReport of the Auditor General of Canada to the House of Commons, 2000.|w(CaOODSP)9.514620 |